Catálogo público

Ecología y manejo de venado cola blanca / (Record no. 168937)

MARC details
000 -CABECERA
campo de control de longitud fija 03734nam a2200409 a 4500
001 - NÚMERO DE CONTROL
campo de control Z_6274
003 - IDENTIFICADOR DEL NÚMERO DE CONTROL
campo de control CHAP
005 - FECHA Y HORA DE LA ÚLTIMA TRANSACCIÓN
campo de control 20251113125321.0
007 - CAMPO FIJO DE DESCRIPCIÓN FÍSICA--INFORMACIÓN GENERAL
campo de control de longitud fija ta
008 - DATOS DE LONGITUD FIJA--INFORMACIÓN GENERAL
campo de control de longitud fija 220113s2007 txubdo fr 000 0 spa d
010 ## - NÚMERO DE CONTROL DE LA BIBLIOTECA DEL CONGRESO
Número de control de LC 168937
020 ## - NÚMERO INTERNACIONAL ESTÁNDAR DEL LIBRO
Número Internacional Estándar del Libro 978-1-58544-611-7
Información calificativa (rústica : papel alcalino)
040 ## - FUENTE DE LA CATALOGACIÓN
Centro catalogador/agencia de origen Z
Centro/agencia transcriptor CHAP
Normas de descripción rda
041 1# - CÓDIGO DE LENGUA
Código de lengua del sumario o resumen Español
Código de lengua de la tabla de contenido Español
Código de lengua original Inglés
082 00 - NÚMERO DE LA CLASIFICACIÓN DECIMAL DEWEY
Número de clasificación 599.7357
Número de documento/Ítem F85 2007
Número de edición 20
100 1# - ENTRADA PRINCIPAL--NOMBRE DE PERSONA
Nombre de persona Fulbright, Timothy Edward
9 (RLIN) 143213
Término indicativo de función/relación autor
245 10 - MENCIÓN DE TÍTULO
Título Ecología y manejo de venado cola blanca /
Mención de responsabilidad, etc. Timothy Edward Fulbright y J. Alfonso Ortega-S. ; traducción J. Alfonso Ortega-S.
264 #1 - PRODUCCIÓN, PUBLICACIÓN, DISTRIBUCIÓN, FABRICACIÓN Y COPYRIGHT
Producción, publicación, distribución, fabricación y copyright Texas :
Nombre del de productor, editor, distribuidor, fabricante Texas A&M University Press,
Fecha de producción, publicación, distribución, fabricación o copyright 2007
300 ## - DESCRIPCIÓN FÍSICA
Extensión ix, 265 páginas :
Otras características físicas mapas, gráficas, fotografías, tablas
490 1# - MENCIÓN DE SERIE
Mención de serie Perspectives on south Texas (Texas A&M University-Kingsville)
500 ## - NOTA GENERAL
Nota general ej.1 - ej.2 : Donado por Ph.D. Baldomero Alarcón Zuñiga y la Generación 2009 - 2013
504 ## - NOTA DE BIBLIOGRAFÍA, ETC.
Nota de bibliografía, etc. Bibliografía: páginas 231 - 258
505 ## - NOTA DE CONTENIDO CON FORMATO
Nota de contenido con formato Prefacio -- 1. Requerimientos de hábitat para el venado cola blanca -- 2. Nutrición del venado cola blanca -- 3. Principios ecológicos fundamentales en el manejo del hábitat -- 4. Estimación de la capacidad de carga -- 5. El ganado doméstico y el hábitat de venado cola blanca -- 6. El arado: bancos de proteína -- 7. El hacha, el arado, y el fuego: manejo la cosecha -- Apéndice 1. Nombres comunes y científicos de plantas y animales -- Apéndice 2. Equivalencias del Sistema Métrico decimal Ingles -- Apéndice 3. Determinación del tamaño adecuado de la muestra -- Apéndice 4. Resumen de recomendaciones para el establecimiento de forrajes seleccionados -- Bibliografía -- Índice
520 2# - SUMARIO, ETC.
Sumario, etc. La mayor parte del siglo pasado, el manejo del agostadero se enfocó a manejar las tierras de pastizal para ganado domestico. La eficiencia con la que un productor podía producir pastos que el ganado consumía era la mejor forma de evaluar su éxito. Actualmente, los productores consideran la cacería deportiva y la observación de fauna como una fuente de ingresos; los agostaderos se consideran hoy en día como el hábitat de la fauna y se manejan tanto para animales domésticos como silvestres. El venado cola blanca y la codorniz mascarita se pueden considerar las dos especies cinegéticas de mayor importancia. A diferencia de otros libros sobre venado cola blanca enfocados a áreas donde la precipitación es relativamente alta y el medio ambiente relativamente estable, este libro considera un enfoque ecológico del manejo del venado cola blanca con las zonas semiáridad de Oklahoma, Texas, y el norte de México. En estas regiones se encuentra el hábitat meno productivo para venado cola blanca donde las sequías periódicas son una característica de los patrones climáticos de largo plazo. La originalidad y contribución final de este libro es el enfoque de una región ecológica sin considerara las fronteras políticas entre dos países. A diferencia de otros textos, esta obra considera que el proceso de toma de decisiones para el manejo adecuado del agostadero se basa en principios ecológicos.
534 ## - NOTA SOBRE LA VERSIÓN ORIGINAL
Frase introductoria Título original:
Mención de título del original White-tailed deer habitat: ecology and management on Rangelands
650 13 - PUNTO DE ACCESO ADICIONAL DE MATERIA--TÉRMINO DE MATERIA
Término de materia o nombre geográfico como elemento de entrada Venados
9 (RLIN) 118663
650 13 - PUNTO DE ACCESO ADICIONAL DE MATERIA--TÉRMINO DE MATERIA
Término de materia o nombre geográfico como elemento de entrada Conservación del hábitat
Subdivisión general Estados Unidos de América
9 (RLIN) 191470
650 13 - PUNTO DE ACCESO ADICIONAL DE MATERIA--TÉRMINO DE MATERIA
Término de materia o nombre geográfico como elemento de entrada Conservación del hábitat
9 (RLIN) 191470
Subdivisión geográfica México
650 13 - PUNTO DE ACCESO ADICIONAL DE MATERIA--TÉRMINO DE MATERIA
Término de materia o nombre geográfico como elemento de entrada Áreas de conservación
9 (RLIN) 155377
700 1# - PUNTO DE ACCESO ADICIONAL--NOMBRE DE PERSONA
Nombre de persona Ortega S., J. Alfonso
9 (RLIN) 191443
Término indicativo de función/relación autor
-- traductor
830 #0 - PUNTO DE ACCESO ADICIONAL DE SERIE-TÍTULO UNIFORME
Título uniforme Perspectives on south Texas (Texas A&M University-Kingsville)
9 (RLIN) 143214
942 ## - ELEMENTOS DE PUNTO DE ACCESO ADICIONAL (KOHA)
Tipo de ítem Koha Libro
Fuente del sistema de clasificación o colocación Dewey Decimal Classification
440 ## - MENCIÓN DE SERIE/PUNTO DE ACCESO ADICIONAL--TÍTULO
Título Perspectives on south Texas
9 (RLIN) 143214
901 ## - ELEMENTOS DE DATOS A LOCAL LDA (RLIN)
a 599.735 7 F85 2007
902 ## - ELEMENTOS DE DATOS B LOCAL, LDB (RLIN)
a M
910 ## - DATOS DE OPCIÓN DEL USUARIO (OCLC)
Datos de opción del usuario
Holdings
Estado de retiro Estado de pérdida Fuente del sistema de clasificación o colocación Estado dañado Restricciones de uso No para préstamo Código de colección Localización permanente Ubicación/localización actual Fecha de adquisición Fuente de adquisición Total de préstamos Signatura topográfica completa Código de barras Fecha visto por última vez Fecha del último préstamo Número de copia Precio válido a partir de Tipo de ítem Koha
    Dewey Decimal Classification   Préstamo interno   General Zootecnia Zootecnia 02/07/2012 Donación 1 599.7357 F85 2007 5102005856 12/11/2024 12/11/2024 Ej.1 18/01/2022 Libro
    Dewey Decimal Classification   Préstamo interno   General Zootecnia Zootecnia 02/07/2012 Donación   599.7357 F85 2007 5102005857 18/01/2022   Ej.2 18/01/2022 Libro